000 00734nam a2200265Ia 4500
003 OSt
005 20220918223531.0
006 a|||||r|||| 00| 0
007 ta
008 220917b |||||||| |||| 00| 0 eng d
024 _a223,261
037 _cTextual
040 _aARTS
_cARTS
_beng
041 _2eng
_aeng
082 _a2:55:(D65,8[B]), P5(2D)
100 _aOlson Hope A.
_9145958
245 0 _aSubject analysis in online catalogs
250 _a2nd
260 _aColorado
_bLibraries unlimited
_c2005
300 _axv, 333p
_ccm.
650 _aLIBRARY SCIENCE
700 _a Boll John J.
942 _h2:55:(D65,8[B]), P5(2D)
_cTEXL
_2CC
999 _c278722
_d278722